The Finite Element Method for Engineers / (Record no. 616467)

000 -LEADER
fixed length control field 00423nam a22001457a 4500
020 ## - INTERNATIONAL STANDARD BOOK NUMBER
Qualifying information HB.
040 ## - CATALOGING SOURCE
Transcribing agency FIZZA ISHAQ
082 ## - DEWEY DECIMAL CLASSIFICATION NUMBER
Classification number 620.15153
Author Mark HUE
100 ## - MAIN ENTRY--PERSONAL NAME
Personal name Huebner, Kenneth H.
9 (RLIN) 133508
245 ## - TITLE STATEMENT
Title The Finite Element Method for Engineers /
Statement of responsibility, etc. Kenneth H. Huebner
250 ## - EDITION STATEMENT
Edition statement 4TH ED.
260 ## - PUBLICATION, DISTRIBUTION, ETC.
Place of publication, distribution, etc. New York:
Name of publisher, distributor, etc. Wiley-Interscience,
Date of publication, distribution, etc. 2001.
300 ## - PHYSICAL DESCRIPTION
Extent xviii , 720 p. ;
Dimensions 6.36 x 1.55 x 9.67 inches
942 ## - ADDED ENTRY ELEMENTS (KOHA)
Source of classification or shelving scheme
Koha item type Book
Holdings
Withdrawn status Lost status Source of classification or shelving scheme Damaged status Not for loan Permanent Location Current Location Shelving location Date acquired Full call number Barcode Date last seen Price effective from Koha item type
          NUST Baluchistan Campus (NBC) NUST Baluchistan Campus (NBC) General Stacks 03/02/2026 620.0015153 HUE Q-2126 03/02/2026 03/02/2026 Book
© 2023 Central Library, National University of Sciences and Technology. All Rights Reserved.